| 000 | 00443nam a2200217Ia 4500 | ||
|---|---|---|---|
| 003 | IT-RoPAU | ||
| 008 | 120407s9999 xx 000 0 und d | ||
| 040 | _aIT-RoPAU | ||
| 040 | _cIT-RoPAU | ||
| 041 | _aita | ||
| 100 | _aHenry Fielding | ||
| 245 | _aJoseph Andrews. | ||
| 250 | _aHarmondsworth | ||
| 260 | _aPenguin Books | ||
| 260 | _c1977 | ||
| 300 | _a343 p. | ||
| 300 | _c18 cm | ||
| 490 | _v1 | ||
| 942 | _cBK | ||
| 999 |
_c33065 _d33065 |
||